Demokracia včera, dnes a zajtra
Výber úvah Eduarda Beneša, druhého prezidenta Československa, o verejnej správe demokratického štátu. Politika ako veda. Politika ako umenie. Politika ako filozofia.
Na minha lista:
| Autor principal: | |
|---|---|
| Formato: | Capítulo de Livro |
| Idioma: | eslovaco |
| Assuntos: | |
| Tags: |
Sem tags, seja o primeiro a adicionar uma tag!
|
MARC
| LEADER | 00000naa a2200000 4500 | ||
|---|---|---|---|
| 001 | r044484 | ||
| 005 | 20230927091414.8 | ||
| 041 | 0 | |a slo | |
| 044 | |a SK | ||
| 245 | 1 | 0 | |a Demokracia včera, dnes a zajtra |c Eduard Beneš |
| 520 | |a Výber úvah Eduarda Beneša, druhého prezidenta Československa, o verejnej správe demokratického štátu. Politika ako veda. Politika ako umenie. Politika ako filozofia. | ||
| 610 | 2 | 0 | |a demokracia |
| 610 | 2 | 0 | |a politika |
| 610 | 2 | 0 | |a filozofia |
| 610 | 2 | 0 | |a správa verejná |
| 610 | 2 | 0 | |a etika |
| 610 | 2 | 0 | |a Beneš, E. |
| 100 | 1 | |a Beneš, Eduard | |